harry potter character quiz sudden death - Statistics

General Stats
  • This quiz has been taken 228 times
  • The average score is 16 of 20
Answers on the Grid
Answers color-coded by a green-red scale on the quiz's grid according to % correct below.
crookshankes
Gregory riddle
scabbers
Ben hawks
hedwig
rubeus hagrid
James potter
Marcus dumbeldore
Aberforth
Bragge
Albus Dumbledore
Bellatrix lestrange
bill weasley
cedric (deadric) digorry
dean snape
Doris
Davies
draco malfoy
Draco
Jordan
Fang
Binns
frank baggs
fred Weasley
George Weasley
Gregory darkwood
harry potter
Hermione granger
Jake weasley
lilly potter
Lucas malfoy
severus snape
marco lestrange
manerva magonigal
Marcus dun
Marvolo
Bagnold
Molly
Bagshot
Ron Weasley
Tom riddle
vincent Crabbe
 
Answer Stats
Answer % Correct
harry potter
85%
Tom riddle
85%
draco malfoy
83%
fred Weasley
83%
Hermione granger
83%
rubeus hagrid
83%
severus snape
82%
Albus Dumbledore
81%
bill weasley
81%
George Weasley
81%
Ron Weasley
81%
James potter
80%
hedwig
79%
Bellatrix lestrange
78%
cedric (deadric) digorry
78%
lilly potter
78%
scabbers
76%
vincent Crabbe
74%
crookshankes
63%
manerva magonigal
46%
No matching quizzes found
Score Distribution
Percent of People with Each Score
Percentile by Number Answered
Your Score History
You have not taken this quiz